00777nam a22002417a 450000500170000001000110001702000100002803500110003803700160004904000120006508200170007710000360009424500480013026000200017827000280019830000190022650000410024565000530028665000290033994200260036899900190039495201220041320170124110210.0 a619754 c00.00 a619754 bCen Lib/Ret aDPLbEN a181.499bMET aMethorst-Kuiper, A. J. G938076 aKrishnamurti /cby A. J. G. Methorst-Kuiper bChetanaaBombay bBombaya34, Rampart Row a81p.c16cm(Hb) aIncludes bibliographical references  aKrishnamurti, J. -- (Jiddu), -- 1895-1986938077 aPhilosophy, Indic938078 2ddccENh181.499mMET c133486d133486 00104070aLbLd2015-07-27eCen Lib/Retg0.00l0o181.499 METp619754r2015-07-27 00:00:00t1v0.00w2015-07-27yEN